Chinese astrology : Paula Delsol; Translated from the French by Peter Leslie, Tanya Leslie; Drawings by Michel Brunet
Zapisane w:
| 1. autor: | |
|---|---|
| Format: | Książka |
| Język: | Undetermined |
| Wydane: |
[Shanghai]
Pictorial Presentations
1972
|
| Hasła przedmiotowe: | |
| Etykiety: |
Dodaj etykietę
Nie ma etykietki, Dołącz pierwszą etykiete!
|
| Thư viện lưu trữ: | Trung tâm Học liệu Trường Đại học Cần Thơ |
|---|
| LEADER | 00588nam a2200193Ia 4500 | ||
|---|---|---|---|
| 001 | CTU_91445 | ||
| 008 | 210402s9999 xx 000 0 und d | ||
| 082 | |a 133.50951 | ||
| 082 | |b D365 | ||
| 100 | |a Delsol, Paula | ||
| 245 | 0 | |a Chinese astrology : | |
| 245 | 0 | |b Paula Delsol; Translated from the French by Peter Leslie, Tanya Leslie; Drawings by Michel Brunet | |
| 245 | 0 | |c Paula Delsol | |
| 260 | |a [Shanghai] | ||
| 260 | |b Pictorial Presentations | ||
| 260 | |c 1972 | ||
| 650 | |a Astrology, chinese | ||
| 904 | |i Nguyên | ||
| 980 | |a Trung tâm Học liệu Trường Đại học Cần Thơ | ||